01072nam a22002777b 4500003000500000005001700005008004100022020002300063040001400086041001700100082001300117100002600130245004700156260005400203300004700257490002300304500025300327650003100580655002500611700003200636700002800668700002600696700001200722700003000734700003000764322820250627133641.0250627b sa ||||| |||| 00| 1 AFR d a9780521724210qpbk aRDAc3228 2AaAfrikaans aAKF GWAZ aGwazube, Fundisile  aKrokodil se seer tand /cFundisile Gwazube aCape Town : bCambridge University Press, c2007. a16 pages :bcolor illustrations ; c25 cm. aThe little library aAfrikaans translation from the English of: Crocodile's sore tooth. Cape Town : Cambridge University Press. Also available in other official South African languages. A short story about a crocodile with a sore tooth and its adventures in the wild. 2FablesvFablesxCrocodiles vChildren’s stories aGwazube, Fundisileeauthor  aKhumalo, Lulu eauthor  aPantsi, Lindaeauthor eauthor  aYako, Nompuleleo eauthor aViljoen, Graeme eauthor